=LDR 00000nam 2200000 4500 =001 INLIS000000000017508 =005 20130612112722 =008 ***********************************Ind** =035 ##$$0010-061300000017508 =041 ##$$a Ind =082 ##$$a 616.96 =090 ##$$a 616.96, Zam a =100 ##$$a Zaman, Viqar =245 ##$$a Atlas parasitologi kedokteran, atlas protozoa, cacing dan artropoda penting, Vigar Zaman ; alih bahasa, Chanil Anwar =260 ##$$a 1997 $b Jakarta =300 ##$$a vii, 263 hlm, ilus, 28 cm =650 ##$$a Parasitologi kedokteran =850 ##$$a NBPNMAT